<?xml version="1.0" encoding="UTF-8"?>
<record
    xmlns:xsi="http://www.w3.org/2001/XMLSchema-instance"
    xsi:schemaLocation="http://www.loc.gov/MARC21/slim http://www.loc.gov/standards/marcxml/schema/MARC21slim.xsd"
    xmlns="http://www.loc.gov/MARC21/slim">

  <leader>03112cam a2200373 i 4500</leader>
  <controlfield tag="001">18935533</controlfield>
  <controlfield tag="003">PILC</controlfield>
  <controlfield tag="005">20160523094049.0</controlfield>
  <controlfield tag="008">160113s2016    paua     b    001 0 eng  </controlfield>
  <datafield tag="010" ind1=" " ind2=" ">
    <subfield code="a">  2015458743</subfield>
  </datafield>
  <datafield tag="020" ind1=" " ind2=" ">
    <subfield code="a">9781496320162</subfield>
  </datafield>
  <datafield tag="020" ind1=" " ind2=" ">
    <subfield code="a">1496320166</subfield>
  </datafield>
  <datafield tag="040" ind1=" " ind2=" ">
    <subfield code="a">DLC</subfield>
    <subfield code="b">eng</subfield>
    <subfield code="c">DLC</subfield>
    <subfield code="e">rda</subfield>
    <subfield code="d">DLC</subfield>
  </datafield>
  <datafield tag="042" ind1=" " ind2=" ">
    <subfield code="a">pcc</subfield>
  </datafield>
  <datafield tag="050" ind1="0" ind2="0">
    <subfield code="a">RB 53</subfield>
    <subfield code="b">.G73 2016</subfield>
  </datafield>
  <datafield tag="082" ind1="0" ind2="0">
    <subfield code="a">616.07/566</subfield>
  </datafield>
  <datafield tag="100" ind1="1" ind2=" ">
    <subfield code="a">Mundt, Lillian A.</subfield>
  </datafield>
  <datafield tag="245" ind1="1" ind2="0">
    <subfield code="a">Graff's textbook of urinalysis and body fluids /</subfield>
    <subfield code="c">Lillian A. Mundt, EdD, MLS(ASCP)SH, Adventist Health Systems, Hinsdale Hospital, Hinsdale, IL, LaGrange Memorial Hospital, LaGrange, IL, Kristy Shanahan, MS, MLS(ASCP), Assistant Professor, Rosalind Franklin University of Medicine and Science, North Chicago, IL.</subfield>
  </datafield>
  <datafield tag="246" ind1="3" ind2="0">
    <subfield code="a">Textbook of routine urinalysis and body fluids</subfield>
  </datafield>
  <datafield tag="250" ind1=" " ind2=" ">
    <subfield code="a">3rd edition.</subfield>
  </datafield>
  <datafield tag="260" ind1=" " ind2=" ">
    <subfield code="a">Philadelphia :</subfield>
    <subfield code="b">Wolters Kluwer,</subfield>
    <subfield code="c">2016.</subfield>
  </datafield>
  <datafield tag="300" ind1=" " ind2=" ">
    <subfield code="a">xxxii, 318 pages :</subfield>
    <subfield code="b">illustrations ;</subfield>
    <subfield code="c">28 cm.</subfield>
  </datafield>
  <datafield tag="500" ind1=" " ind2=" ">
    <subfield code="a">Includes bibliographical references and index.</subfield>
  </datafield>
  <datafield tag="500" ind1=" " ind2=" ">
    <subfield code="a">First edition published as: Handbook of routine urinalysis / Laurine Graff. Philadelphia : Lippincott, c1983. Second edition published as: Graff's textbook of routine urinalysis and body fluids / Lillian A. Mundt, Kristy Shanahan.  Philadelphia : Wolters Kluwer/Lippincott Williams &amp; Wilkins Health, c2011.</subfield>
  </datafield>
  <datafield tag="505" ind1="0" ind2=" ">
    <subfield code="a">Machine generated contents note: SECTION I Foundational Information -- ch. 1 Urinary System Anatomy and Physiology and Urine Formation -- ch. 2 Renal and Urinary Tract Diseases and Related Urinalysis Findings -- ch. 3 Metabolic Diseases and Related Urinalysis Findings -- ch. 4 Urinalysis Clinical Laboratory Operations -- ch. 5 Microscopy -- SECTION II The Urinalysis -- ch. 6 Collection and Preservation of Urine -- ch. 7 Physical Examination of Urine -- ch. 8 Chemical Analysis of Urine -- ch. 9 Microscopic Examination of Urinary Sediment -- ch. 10 Atlas of Urinary Sediment -- SECTION III Body Fluids Analysis -- ch. 11 Introduction to Body Fluids -- ch. 12 Cerebrospinal Fluid -- ch. 13 Serous Body Fluids -- ch. 14 Synovial Fluid -- ch. 15 Gastric Fluid and Fecal Analysis -- ch. 16 Semen Analysis -- ch. 17 Amniotic Fluid -- ch. 18 Vaginal Secretions -- ch. 19 Miscellaneous Urine and Body Fluid Tests -- ch. 20 Automation of Urinalysis and Body Fluids Examination -- Appendix A Answers to Study Guide Questions and Case Studies -- Appendix B Reagent Strip Color Chart -- Appendix C Hemocytometer Cell Counts -- Appendix D Historically Relevant Urine and Body Fluid Analysis Information.</subfield>
  </datafield>
  <datafield tag="650" ind1=" " ind2="0">
    <subfield code="a">Urine</subfield>
    <subfield code="x">Analysis</subfield>
    <subfield code="v">Handbooks, manuals, etc.</subfield>
  </datafield>
  <datafield tag="650" ind1=" " ind2="0">
    <subfield code="a">Urine</subfield>
    <subfield code="x">Examination</subfield>
    <subfield code="v">Handbooks, manuals, etc.</subfield>
  </datafield>
  <datafield tag="700" ind1="1" ind2=" ">
    <subfield code="a">Shanahan, Kristy.</subfield>
  </datafield>
  <datafield tag="700" ind1="1" ind2=" ">
    <subfield code="a">Graff, Laurine.</subfield>
    <subfield code="t">Handbook of routine urinalysis.</subfield>
  </datafield>
  <datafield tag="856" ind1="4" ind2="2">
    <subfield code="3">Publisher description</subfield>
    <subfield code="u">http://www.loc.gov/catdir/enhancements/fy1605/2015458743-d.html</subfield>
  </datafield>
  <datafield tag="906" ind1=" " ind2=" ">
    <subfield code="a">7</subfield>
    <subfield code="b">cbc</subfield>
    <subfield code="c">origcop</subfield>
    <subfield code="d">2</subfield>
    <subfield code="e">ncip</subfield>
    <subfield code="f">20</subfield>
    <subfield code="g">y-gencatlg</subfield>
  </datafield>
  <datafield tag="942" ind1=" " ind2=" ">
    <subfield code="2">lcc</subfield>
    <subfield code="c">BK</subfield>
  </datafield>
  <datafield tag="999" ind1=" " ind2=" ">
    <subfield code="c">294686</subfield>
    <subfield code="d">294686</subfield>
  </datafield>
  <datafield tag="952" ind1=" " ind2=" ">
    <subfield code="0">0</subfield>
    <subfield code="1">0</subfield>
    <subfield code="2">lcc</subfield>
    <subfield code="4">0</subfield>
    <subfield code="a">SSLC</subfield>
    <subfield code="b">SSLC</subfield>
    <subfield code="c">SSLC</subfield>
    <subfield code="d">2016-05-23</subfield>
    <subfield code="e">Library Fund</subfield>
    <subfield code="g">4958.00</subfield>
    <subfield code="l">3</subfield>
    <subfield code="m">6</subfield>
    <subfield code="o">RB 53 .G73 2016</subfield>
    <subfield code="p">SSLC1427</subfield>
    <subfield code="r">2018-05-15 00:00:00</subfield>
    <subfield code="s">2018-03-23</subfield>
    <subfield code="w">2016-05-23</subfield>
    <subfield code="y">BK</subfield>
  </datafield>
</record>
